000 00687nam a2200277Ia 4500
005 20250425162211.0
008 250425s9999 xx 000 0 und d
020 _a9701046684
041 _aspa
043 _amx
082 _a657.8
100 _aRAMIREZ PADILLA, DAVID NOEL
245 0 _aCONTABILIDAD ADMINISTRATIVA
250 _a7A ED.
260 _aMéxico
_bMCGRAW-HILL INTERAMERICANA, S.A.
_c2005
260 _aS.L.
300 _a601
650 _aADMINISTRACION
650 _aCOMPETITIVIDAD
650 _aCONTABILIDAD ADMINISTRATIVA
650 _aCOSTOS
650 _aEMPRESAS
710 _aMCGRAW-HILL INTERAMERICANA, S.A.
942 _c01
010 _a55711
999 _c224393
_d224393